Steading development: risks and rewards (Record no. 69183)

MARC details
000 -LEADER
fixed length control field 00988cam a2200241 4500
001 - CONTROL NUMBER
control field ABS64964
008 - FIXED-LENGTH DATA ELEMENTS--GENERAL INFORMATION
fixed length control field 020107n2002 000 0 eng u
035 ## - SYSTEM CONTROL NUMBER
System control number (Sirsi) u116146
100 ## - MAIN ENTRY--PERSONAL NAME
Personal name Dudgeon, C.
245 ## - TITLE STATEMENT
Title Steading development: risks and rewards
260 ## - PUBLICATION, DISTRIBUTION, ETC.
Date of publication, distribution, etc. 2002
490 ## - SERIES STATEMENT
Series statement Landowning in Scotland
Volume/sequential designation (266) December 2001/January 2002, 33-34(2)
520 ## - SUMMARY, ETC.
Summary, etc. Suggests how owners of redundant farm buildings might convert these buildings as a viable source of additional revenue, rather than sell them outright. Explains how planning policy might affect such projects. Lists some of the considerations which should be taken into account before deciding whether to convert and let, or else sell outright
590 ## - LOCAL NOTE (RLIN)
Local note ABS
650 ## - SUBJECT ADDED ENTRY--TOPICAL TERM
Topical term or geographic name entry element ALTERNATIVE USE
650 ## - SUBJECT ADDED ENTRY--TOPICAL TERM
Topical term or geographic name entry element FARM BUILDINGS
650 ## - SUBJECT ADDED ENTRY--TOPICAL TERM
Topical term or geographic name entry element FARM DIVERSIFICATION
650 ## - SUBJECT ADDED ENTRY--TOPICAL TERM
Topical term or geographic name entry element INCOME STREAM
650 ## - SUBJECT ADDED ENTRY--TOPICAL TERM
Topical term or geographic name entry element REDUNDANT BUILDINGS
690 ## - LOCAL SUBJECT ADDED ENTRY--TOPICAL TERM (OCLC, RLIN)
Topical term or geographic name as entry element RURAL-FARM BUSINESS MANAGEMENT
700 ## - ADDED ENTRY--PERSONAL NAME
Personal name Thomas, A.
942 ## - ADDED ENTRY ELEMENTS (KOHA)
Suppress in OPAC 0
Holdings
Withdrawn status Lost status Source of classification or shelving scheme Damaged status Not for loan Home library Current library Shelving location Date acquired Total Checkouts Full call number Barcode Date last seen Copy number Price effective from Koha item type
    Dewey Decimal Classification     London London Journal article 07/01/2002   ABS64964 116146-2001 06/08/2019 1 06/08/2019 Journal article